|
|
|
|
| LEADER |
00000cam a2200000Mi 4500 |
| 001 |
JSTOR_on1031337821 |
| 003 |
OCoLC |
| 005 |
20231005004200.0 |
| 006 |
m o d |
| 007 |
cr ||||||||||| |
| 008 |
180414s2018 xx ob 000 0 spa d |
| 040 |
|
|
|a YDX
|b eng
|e pn
|c YDX
|d JSTOR
|d OCLCF
|d OCLCQ
|d OCLCO
|d OCLCA
|d EBLCP
|d OCLCQ
|d OCLCO
|d LUN
|d OCLCQ
|d OCLCO
|d N$T
|d OCLCQ
|d OCLCO
|
| 019 |
|
|
|a 1031362954
|a 1171119334
|
| 020 |
|
|
|a 8491485864
|q (electronic bk.)
|
| 020 |
|
|
|a 9788491485865
|q (electronic bk.)
|
| 029 |
1 |
|
|a AU@
|b 000069439919
|
| 029 |
1 |
|
|a DKDLA
|b 820120-katalog:9910003319205765
|
| 035 |
|
|
|a (OCoLC)1031337821
|z (OCoLC)1031362954
|z (OCoLC)1171119334
|
| 037 |
|
|
|a 22573/ctt22p6k6n
|b JSTOR
|
| 043 |
|
|
|a e-sp---
|
| 050 |
|
4 |
|a KKT3530
|
| 080 |
|
|
|a 336.5(460)
|
| 082 |
0 |
4 |
|a 343.4603
|2 23
|
| 049 |
|
|
|a UAMI
|
| 245 |
0 |
3 |
|a El control externo por el Tribunal de Cuentas de los órganos constitucionales y de relevancia constitucional /
|c María José García Blanco.
|
| 260 |
|
|
|a [Place of publication not identified] :
|b DYKINSON S L,
|c 2018.
|
| 300 |
|
|
|a 1 online resource
|
| 336 |
|
|
|a text
|b txt
|2 rdacontent
|
| 337 |
|
|
|a computer
|b c
|2 rdamedia
|
| 338 |
|
|
|a online resource
|b cr
|2 rdacarrier
|
| 504 |
|
|
|a Includes bibliographical references.
|
| 590 |
|
|
|a JSTOR
|b Books at JSTOR All Purchased
|
| 590 |
|
|
|a JSTOR
|b Books at JSTOR Demand Driven Acquisitions (DDA)
|
| 610 |
1 |
0 |
|a Spain.
|b Tribunal de Cuentas.
|
| 610 |
1 |
7 |
|a Spain.
|b Tribunal de Cuentas
|2 fast
|
| 650 |
|
0 |
|a Finance, Public
|z Spain.
|
| 650 |
|
0 |
|a Transparency in government
|x Law and legislation
|z Spain.
|
| 650 |
|
6 |
|a Finances publiques
|z Espagne.
|
| 650 |
|
7 |
|a Finance, Public
|2 fast
|
| 650 |
|
7 |
|a Transparency in government
|x Law and legislation
|2 fast
|
| 651 |
|
7 |
|a Spain
|2 fast
|
| 776 |
0 |
8 |
|i Print version:
|z 8491485538
|
| 856 |
4 |
0 |
|u https://jstor.uam.elogim.com/stable/10.2307/j.ctt22p7h85
|z Texto completo
|
| 938 |
|
|
|a ProQuest Ebook Central
|b EBLB
|n EBL6514350
|
| 938 |
|
|
|a YBP Library Services
|b YANK
|n 15268744
|
| 938 |
|
|
|a EBSCOhost
|b EBSC
|n 1794632
|
| 994 |
|
|
|a 92
|b IZTAP
|